[Event "Beirut op 10th"]
[Site "Beirut"]
[Date "2019.05.03"]
[Round "9"]
[White "Salameh, Sleiman"]
[Black "Hasan, Ali"]
[Result "0-1"]
[WhiteElo "1621"]
[BlackElo "1763"]
[PlyCount "106"]
[EventDate "2019.04.25"]
[EventType "swiss"]
[EventRounds "9"]
[EventCountry "LBN"]
[SourceTitle "CBM 190 Extra"]
[Source "ChessBase"]
[SourceDate "2019.07.15"]
[SourceVersion "1"]
[SourceVersionDate "2019.07.15"]
[SourceQuality "1"]

1. e4 c5 2. Nc3 d6 3. f4 Nf6 4. Nf3 a6 5. d4 cxd4 6. Nxd4 e6 7. Be2 Be7 8. Be3 Qc7 9. 0-0 b5 10. a3 Bb7 11. Bf3 0-0 12. Qe1 Nbd7 13. Rd1 Nc5 14. Bf2 Rfd8 15. Qe3 Bf8 16. Rfe1 d5 17. e5 Nfe4 18. Bh4 Rd7 19. Nce2 Na4 20. b4 Nac3 21. Rd3 Nxe2+ 22. Rxe2 Rc8 23. h3 Nc3 24. Red2 a5 25. Rxc3 Qxc3 26. Rd3 Qc4 27. Be2 axb4 28. Rb3 Qxd4 29. Qxd4 Bc5 30. Qxc5 Rxc5 31. axb4 Rxc2 32. Bxb5 Rdc7 33. Bd8 R7c3 34. Rxc3 Rxc3 35. Bb6 f6 36. Bc5 fxe5 37. fxe5 Kf7 38. Be2 Kg6 39. Bg4 Bc8 40. Kf1 h5 41. Bf3 Ba6+ 42. Ke1 Kg5 43. Kd2 Rxf3 44. gxf3 Kf4 45. Bd6 Kxf3 46. h4 Kf4 47. Kc3 g5 48. hxg5 Kxg5 49. Kd4 h4 50. Be7+ Kg4 51. Ke3 Kg3 52. Bxh4+ Kxh4 53. Kf4 Kh5 0-1

[Event "Beirut op 10th"]
[Site "Beirut"]
[Date "2019.04.27"]
[Round "3"]
[White "Salameh, Sleiman"]
[Black "Moughames, Ronald"]
[Result "0-1"]
[WhiteElo "1621"]
[BlackElo "1721"]
[PlyCount "118"]
[EventDate "2019.04.25"]
[EventType "swiss"]
[EventRounds "9"]
[EventCountry "LBN"]
[SourceTitle "CBM 190 Extra"]
[Source "ChessBase"]
[SourceDate "2019.07.15"]
[SourceVersion "1"]
[SourceVersionDate "2019.07.15"]
[SourceQuality "1"]

1. e4 c5 2. Nf3 Nc6 3. d4 cxd4 4. Nxd4 g6 5. Nxc6 bxc6 6. Qd4 Nf6 7. e5 Ng8 8. e6 Nf6 9. exf7+ Kxf7 10. Nd2 Qa5 11. c3 Bg7 12. Nb3 Qc7 13. Bf4 d6 14. Bc4+ Nd5 15. Bxd5+ cxd5 16. Qxd5+ Be6 17. Qf3 Qc4 18. Bxd6+ Bf6 19. Nd2 Qb5 20. Ne4 Bf5 21. Nxf6 exf6 22. 0-0-0 Be6 23. Rhe1 Rhe8 24. Qd3 Qa4 25. Ba3 Rad8 26. Qf3 Qb5 27. Rxd8 Rxd8 28. Qe3 Qd5 29. Qxa7+ Rd7 30. Qe3 Qxa2 31. Qxe6+ Qxe6 32. Rxe6 Kxe6 33. Bc5 Kd5 34. Bd4 f5 35. g3 Re7 36. Kc2 Re2+ 37. Kb3 Re8 38. Be3 Rb8+ 39. Kc2 Kc4 40. Bd4 g5 41. b4 Ra8 42. Kd2 Re8 43. h4 gxh4 44. gxh4 Re4 45. Bf6 f4 46. Bd4 f3 47. h5 Re2+ 48. Kd1 Kd3 49. Kc1 Re1+ 50. Kb2 Rh1 51. Kb3 Rxh5 52. Ka4 Kc4 53. Bf6 Rh2 54. Bd4 Rh1 55. Ka5 h5 56. Kb6 h4 57. Kc6 Rb1 58. Kd6 Rb2 59. Ke6 h3 0-1